• 首页
  • 本馆介绍
  • 公告通知
  • 最新文献
  • 馆藏检索
  • 电子资源
  • 读者导购
  • 参考咨询
  • 我的图书馆
  • 登录
  • 详细信息显示
  • 放入我的书架
  • 预约/预借图书
  • 作者相关作品
  • 分类相关作品
  • 丛书相关作品
  • 出版社相关作品

书目信息

  • 表格格式
  • 工作单格式
  • 卡片格式
题名:
英语词根与单词的说文解字
    
 
作者: 李平武 著
分册:  
出版信息: 北京   外语教学与研究出版社  2008.01
页数: 452页
开本: 20cm
丛书名:
单 册:
中图分类: H313.9
科图分类:
主题词: 英语
电子资源:
ISBN: 7-5600-7185-6
000 00592nam0 2200193 450
001 2236683719
005 20220628160309.60
010    @a7-5600-7185-6@dCNY18.90
100    @a20220621d2008 km y0chiy0120 ea
101 0  @achi
102    @aCN@b110000
200 1  @a英语词根与单词的说文解字@AYing Yu Ci Gen Yu Dan Ci De Shuo Wen Jie Zi@f李平武著@FLi Ping Wu Zhu
210    @a北京@c外语教学与研究出版社@d2008.01
215    @a452页@d20cm
606 0  @a英语
690    @aH313.9@v4
701  0 @a李平武@ALi Ping Wu@4著
801  0 @aCN@b大连网信软件有限公司图书馆·11@c20220628
905    @aZUCC@dH313.9@eW01
    
    英语词根与单词的说文解字/李平武著.-北京:外语教学与研究出版社,2008.01
    452页;20cm
    
    
    ISBN 7-5600-7185-6:CNY18.90
    
●
相关链接 在E读中查询图书 在五车中查询图书 在当当中查询图书 在豆瓣中查询图书


正题名:英语词根与单词的说文解字     索取号:H313.9/W01         预约/预借

序号 登录号 条形码 馆藏地/架位号 状态 备注
1 0712050   207120505   密集书库—外国语学院/ [索取号:H313.9/W01] 在馆    
2 0712051   207120514   密集书库—外国语学院/ [索取号:H313.9/W01] 在馆    
3 0712052   207120523   密集书库—外国语学院/ [索取号:H313.9/W01] 在馆    
唐山师范学院图书馆 欢迎您!
大连网信软件有限公司© 版权所有